000 00654nam a2200253Ia 4500
001 31524
005 20240114001531.0
007 ta
008 090331s1333 g b000 u 346 u
040 _aCotton College,Assam
041 _a346
082 _a891.442
_bT 129 N
100 _aTagore, Rabindra Nath.
245 0 _aNatir Puja /
_cRabindra Nath Tagore.
_hTextual Documents
250 _a1st ed. /
260 _aCalcutta :
_bBiswabharati Granthalai ,
_c1333.
300 _a82p. ;
_c17cm.
653 _aT/G-Bengali Drama
653 _aG-Bengali
942 _2ddc
_cBK
999 _c31506
_d31506